000 00949nam a2200277 a 4500
001 BRCA_5233
005 20190320205009.0
008 291110s2000----it-a######---#000-0#spa-#
020 _a3829041004
041 _aspa
044 _ait
050 4 _aNK1463
_b.D38 2000
100 1 _aDavanzo Poli, Doretta
_913402
245 1 0 _aLas artes decorativas en Venecia
_cDoretta Davanzo Poli ; fotografías de Mark E. Smith ; traducción Montserrat Gallart y Pepa Capell.
260 _aItalia
_bKönemann
_cc2000
300 _a303 p.
_bil. a color
_c32 cm.
500 _aTraducción de: Le Arte Decorative a Venezia
500 _aDonación Dr. Héctor Rivero Borrell Vázquez
504 _aBibliografía: p. 301-303
650 1 4 _aArtes decorativas
_zVenecia
_913403
700 1 _aGallart, Montserrat
_eTraductora
_913404
700 1 _aCapell, Pepa
_eTraductora
_913405
700 1 _aSmith, Mark E.
_eFotógrafo
_913406
902 _aDHR
942 _2lcc
_cB
999 _c4927
_d4927